1155 1906 1518 1238 1578 1603 1382 1249 1149 1360 1610 1790 1129 1991 1690 1805 1910 1001 1895 1390 1950 1250 1931 1226 1837 1367 1710 1251 1714 1502 1798 1248 1017 1136 1489 1385 1519 1771 1134 1530 1584 1417 1053 1131 1911 1171 1941 1416 1668 1871 1078 1596 1892 1046 1364 1997 1472 1241 1082 1294 1006 1701 1884 1906 1670 1709 1032 1345 1672 1950 1967 1983 1360 1966 1596 1434 1725 1550 1252 1160 1232 1670 1175 1189 1406 1882 1085 1812 1088 1887 1036 1287 1456 1370 1292 1630 1400 1789 1313 BCNSPRNW ULIB Ver.6.0+V

เปลี่ยนเป็นภาษาไทย

Change to English
 แสดงรายละเอียดบรรณานุกรม
  กลับหน้าหลัก

Brief Record : Get Marc (ISO 2709) : E-mail record : QR code < ปิดหน้าต่าง
LEADER : 00000nam 2200000uu 4500
001    13399128635
003     ULIB
008    230925s2565||||th 000 0 tha d
020    ^a9786165903769
050  0 ^aLB1060^bม161ก
100    ^aมนสิช สิทธิสมบูรณ์
245    ^aกลยุทธ์การจัดการเรียนรู้เชิงรุก
250    ^aพิมพ์ครั้งที่ 1
260    ^aพระนครศรีอยุธยา :^bโรงพิมพ์จุฬาลงกรณ์มหาวิทยาลัย,^c2565
300    ^a170 หน้า;^c26 ซม.
650    ^aการจัดการเรียนรู้เชิงรุก
650    ^aการเรียนรู้ทางวิชาชีพ
945    ^p0^l0^i29906
945    ^p250^l0^i29907
999    ^aกัณชพร จุลอักษร
รายการนี้ยังไม่มีแท็ก
คุณยังไม่ได้ล็อกอิน คุณสามารถมีกิจกรรมร่วมกับเว็บไซต์ได้ แต่ต้องล็อกอินก่อน ::
  ล็อกอิน

รายการสื่อสารสนเทศ

ลำดับที่ ประเภท เลขเรียก/บาร์โค้ด สถานที่ สถานะ
1. วิทยาศาสตร์การแพทย์ และสุขภาพ
วิทยาศาสตร์การแพทย์ และสุขภาพ
LB1060 ม161ก ฉ.1 
  Barcode: 29906
ห้องสมุดวิทยาเขตนครสวรรค์
►หนังสือทั่วไป:l:General Books
บนชั้น
2. วิทยาศาสตร์การแพทย์ และสุขภาพ
วิทยาศาสตร์การแพทย์ และสุขภาพ
LB1060 ม161ก ฉ.2 
  Barcode: 29907
ห้องสมุดวิทยาเขตนครสวรรค์
►หนังสือทั่วไป:l:General Books
บนชั้น

รายการใกล้เคียง
    ชื่อเรื่อง [กลยุทธ์การจัดการเรียนรู้เชิงรุก]

    ผู้แต่ง [มนสิช สิทธิสมบูรณ์]

    หัวเรื่อง [การจัดการเรียนรู้เชิงรุก]
    หัวเรื่อง [การเรียนรู้ทางวิชาชีพ]

BibComment


ยังไม่เคยถูกคอมเมนท์

คอมเมนท์ทรัพยากรรายการนี้
  คอมเมนท์: กลยุทธ์การจัดการ..


 Copyright 2026. Bcnsprnw @Library